000 00821nam a2200193 a 4500
005 20140412111306.0
008 000818s19uu xx 00 eng d
020 _a0-7214-9661-X
050 _aTR(PS E
_bEd9 1996
100 _aPace, David
245 _aEdward goes exploring /
_cDavid Pace.
260 _aLeicestershire, UK :
_bLadybird Books Ltd.
300 _a1 v. (unp.) ; ill.
440 _aPicture Ladybird
520 _aEdward dreams about animals. All kinds of animals. He's scientist, an adventurer, an explorer extraordinaire. Edward knows that the garden is really a jungle, that all sorts of strange things are lurking out there. With his net in his rucksack, he sets off again to find a new animal and give it a name!
650 _aAnimals--Fiction
650 _aChildren stories
999 _c103695
_d103695